[Event "Alberta op"]
[Site "Edmonton CAN"]
[Date "2003.10.13"]
[Round "5"]
[White "Gardner, Robert"]
[Black "Hinds, Ronald"]
[Result "0-1"]
[WhiteElo "2275"]
[BlackElo "1942"]
[PlyCount "84"]
[EventDate "2003.10.11"]
[EventType "swiss"]
[EventRounds "6"]
[EventCountry "CAN"]

1. g3 g6 2. Bg2 Bg7 3. f4 c5 4. e4 d6 5. d3 Nc6 6. Nf3 e6 7. c3 Nge7 8. O-O O-O
9. Be3 Rb8 10. d4 cxd4 11. cxd4 f5 12. e5 d5 13. Nc3 Bd7 14. h3 a6 15. g4 b6
16. Ne2 Na5 17. Ng3 Bh6 18. g5 Bg7 19. h4 Bb5 20. Rf2 Qd7 21. h5 Rfc8 22. Nh4
Kf7 23. Bf3 Rc7 24. Rh2 Rbc8 25. b3 Nb7 26. Bc1 Bd3 27. Ba3 Bc2 28. Qe2 b5 29.
Bxe7 Qxe7 30. hxg6+ hxg6 31. Nxg6 Qa3 32. Nh4 Qb2 33. Rd1 Qxa2 34. Nhxf5 Qxb3
35. Rd2 Qb1+ 36. Kg2 Bxf5 37. Nxf5 Qxf5 38. Bg4 Qb1 39. f5 exf5 40. Qf2 Ke6 41.
Rh7 fxg4 42. Rxg7 Qe4+ 0-1

[Event "Alberta op"]
[Site "Edmonton CAN"]
[Date "2003.10.13"]
[Round "5"]
[White "Huber, Greg"]
[Black "Ristovic, Nenad"]
[Result "0-1"]
[WhiteElo "2279"]
[BlackElo "2328"]
[PlyCount "60"]
[EventDate "2003.10.11"]
[EventType "swiss"]
[EventRounds "6"]
[EventCountry "CAN"]

1. d4 d5 2. Bg5 c6 3. Nf3 Qb6 4. b3 h6 5. Bh4 Bf5 6. e3 e6 7. Bd3 Bxd3 8. Qxd3
Nd7 9. O-O Ngf6 10. c4 Ne4 11. Nc3 f5 12. c5 Qa5 13. Nxe4 dxe4 14. Qc4 Kf7 15.
Ne1 Be7 16. Bxe7 Kxe7 17. f3 Qd2 18. Nc2 Nf6 19. Rad1 Qa5 20. fxe4 Nxe4 21. b4
Qa4 22. Rd3 b5 23. cxb6 axb6 24. a3 Qb5 25. Qb3 Rhd8 26. Rfd1 c5 27. dxc5 Nxc5
28. Rxd8 Nxb3 29. Rxa8 Qe2 30. Ra7+ Kf6 0-1

[Event "Alberta op"]
[Site "Edmonton CAN"]
[Date "2003.10.13"]
[Round "5"]
[White "Kaminski, Thomas"]
[Black "Pivovarov, Juraj"]
[Result "0-1"]
[WhiteElo "1544"]
[BlackElo "1769"]
[PlyCount "58"]
[EventDate "2003.10.11"]
[EventType "swiss"]
[EventRounds "6"]
[EventCountry "CAN"]

1. e4 d6 2. d4 Nf6 3. Nc3 g6 4. f4 Bg7 5. Nf3 O-O 6. Bd3 c6 7. O-O Nbd7 8. h3
Qc7 9. Be3 e5 10. Nh2 Nh5 11. dxe5 dxe5 12. f5 Nf4 13. Bxf4 exf4 14. Qg4 Be5
15. Nf3 Nf6 16. Qg5 Nh5 17. Nxe5 Qxe5 18. g4 fxg3 19. fxg6 Qxg5 20. gxf7+ Kg7
21. Kg2 Nf4+ 22. Rxf4 Qxf4 23. Rf1 Qh4 24. Rh1 Rxf7 25. Ne2 Rf2+ 26. Kg1 Rxe2
27. Bxe2 Qxe4 28. Bd3 Qd4+ 29. Kg2 Qf2# 0-1

[Event "Alberta op"]
[Site "Edmonton CAN"]
[Date "2003.10.13"]
[Round "5"]
[White "Reeve, Jeff"]
[Black "Balbutin, Nelson"]
[Result "1-0"]
[WhiteElo "2386"]
[BlackElo "2215"]
[PlyCount "61"]
[EventDate "2003.10.11"]
[EventType "swiss"]
[EventRounds "6"]
[EventCountry "CAN"]

1. e4 c5 2. Nf3 e6 3. d4 cxd4 4. Nxd4 Nf6 5. Nc3 d6 6. g4 Nc6 7. g5 Nd7 8. Be3
Be7 9. h4 a6 10. Qd2 O-O 11. O-O-O Nxd4 12. Bxd4 b5 13. f4 b4 14. Ne2 Qa5 15.
Kb1 e5 16. Be3 Nc5 17. Bg2 Be6 18. Nc1 exf4 19. Bxf4 Rac8 20. Nb3 Qa4 21. h5 a5
22. h6 g6 23. Qd4 f6 24. Bxd6 Rfd8 25. e5 Nxb3 26. axb3 Qb5 27. gxf6 Bxd6 28.
f7+ Kxf7 29. exd6 Rg8 30. d7 Rcd8 31. Rhf1+ 1-0

[Event "Alberta op"]
[Site "Edmonton CAN"]
[Date "2003.10.13"]
[Round "5"]
[White "Smith, Kevin"]
[Black "Me, Kevin"]
[Result "1/2-1/2"]
[WhiteElo "1639"]
[BlackElo "1628"]
[PlyCount "70"]
[EventDate "2003.10.11"]
[EventType "swiss"]
[EventRounds "6"]
[EventCountry "CAN"]

1. d4 Nf6 2. c4 g6 3. Nc3 d5 4. cxd5 Nxd5 5. e4 Nxc3 6. bxc3 Bg7 7. Nf3 c5 8.
Rb1 Nc6 9. Be3 O-O 10. Be2 Bg4 11. O-O cxd4 12. cxd4 Bxf3 13. Bxf3 Nxd4 14.
Bxd4 Bxd4 15. Rxb7 e5 16. Qb3 Rb8 17. Rb1 Rxb7 18. Qxb7 Qa5 19. Qd5 Qd2 20. Rf1
Kg7 21. Qc4 Rb8 22. Qe2 Rb2 23. Qxd2 Rxd2 24. a4 Ra2 25. Bd1 Kf6 26. h4 Ke7 27.
g4 Ra3 28. Kg2 Ra1 29. Kf3 h6 30. Kg3 g5 31. hxg5 hxg5 32. Rh1 Rc1 33. Kf3 Rb1
34. Rf1 Kd6 35. Kg2 Ke7 1/2-1/2

[Event "Alberta op"]
[Site "Edmonton CAN"]
[Date "2003.10.13"]
[Round "5"]
[White "Tomaras, Pavlos"]
[Black "Yearwood, Roy"]
[Result "1-0"]
[WhiteElo "1847"]
[BlackElo "2122"]
[PlyCount "65"]
[EventDate "2003.10.11"]
[EventType "swiss"]
[EventRounds "6"]
[EventCountry "CAN"]

1. d4 e6 2. c4 c5 3. Nf3 cxd4 4. Nxd4 Nf6 5. Nc3 a6 6. Bg5 h6 7. Bh4 Be7 8. e3
d6 9. Be2 Bd7 10. O-O Nc6 11. Nb3 Qc7 12. Rc1 Rd8 13. a3 Ne5 14. Bxf6 gxf6 15.
Ne4 f5 16. Ng3 Ba4 17. Rc3 Nd7 18. Qd2 Rg8 19. Nd4 Nc5 20. b4 Ne4 21. Nxe4 fxe4
22. Bh5 Bd7 23. f3 e5 24. fxe4 Rg7 25. Rxf7 Rxf7 26. Qf2 Bf6 27. Qxf6 Bg4 28.
Ne6 Bxe6 29. Qxe6+ Kf8 30. Qxh6+ Rg7 31. Qh8+ Rg8 32. Qf6+ Qf7 33. Qxf7# 1-0

[Event "Alberta op"]
[Site "Edmonton CAN"]
[Date "2003.10.13"]
[Round "5"]
[White "Wihnon, Jason"]
[Black "Asquith, Tom"]
[Result "1/2-1/2"]
[WhiteElo "1807"]
[BlackElo "1653"]
[PlyCount "118"]
[EventDate "2003.10.11"]
[EventType "swiss"]
[EventRounds "6"]
[EventCountry "CAN"]

1. e4 c6 2. d4 d5 3. exd5 cxd5 4. Bd3 Nc6 5. c3 Nf6 6. Nf3 Bg4 7. O-O Qc7 8.
Bg5 e6 9. Nbd2 Bd6 10. Qc2 h6 11. Bh4 O-O-O 12. Bg3 Rhe8 13. Bxd6 Qxd6 14. Rfe1
Nd7 15. b4 e5 16. b5 Na5 17. dxe5 Nxe5 18. Bf5+ Kb8 19. Nxe5 Rxe5 20. Bxg4 d4
21. cxd4 Qxd4 22. Nf3 Rxe1+ 23. Rxe1 Qxg4 24. Qe2 Qc4 25. Qe5+ Ka8 26. Qxg7
Qxb5 27. Qxf7 Qa4 28. Qf6 Nc6 29. h4 a5 30. Qxh6 Qxa2 31. Qf6 Qd5 32. Rb1 Nb4
33. Qe5 Nc6 34. Qe2 Rg8 35. Rb5 Qd8 36. Qc4 Rg7 37. Ne5 Na7 38. Rd5 Qb6 39. Qf4
Rc7 40. Rd8+ Nc8 41. Qg4 Rc1+ 42. Kh2 Qxd8 43. h5 Qd6 44. f4 Qd1 45. Nf3 a4 46.
Qf5 a3 47. Qa5+ Kb8 48. Qxa3 Rc6 49. Qf8 Rc2 50. Qf5 Nd6 51. Qg4 Nc4 52. h6 Ne3
53. Qg8+ Ka7 54. h7 Qxf3 55. Qa8+ Kb6 56. Qd8+ Kb5 57. Qd3+ Ka5 58. Qa3+ Kb6
59. Qb3+ Ka5 1/2-1/2

[Event "Alberta op"]
[Site "Edmonton CAN"]
[Date "2003.10.13"]
[Round "6"]
[White "Balbutin, Nelson"]
[Black "Gluckie, Jamin"]
[Result "1-0"]
[WhiteElo "2215"]
[BlackElo "1755"]
[PlyCount "34"]
[EventDate "2003.10.11"]
[EventType "swiss"]
[EventRounds "6"]
[EventCountry "CAN"]

1. e4 e6 2. d4 d5 3. Nd2 Nf6 4. e5 Nfd7 5. Bd3 c5 6. c3 Nc6 7. Ne2 cxd4 8. cxd4
f6 9. exf6 Nxf6 10. O-O Bd6 11. f4 Qc7 12. Nf3 O-O 13. Ne5 Bd7 14. a3 Qb6 15.
Kh1 a5 16. b3 Nxd4 17. Nxd4 Qxd4 1-0

[Event "Alberta op"]
[Site "Edmonton CAN"]
[Date "2003.10.13"]
[Round "6"]
[White "Bentley, Bill"]
[Black "Stark, Mark"]
[Result "1-0"]
[WhiteElo "1863"]
[BlackElo "1893"]
[PlyCount "27"]
[EventDate "2003.10.11"]
[EventType "swiss"]
[EventRounds "6"]
[EventCountry "CAN"]

1. d4 d5 2. Nf3 c6 3. e3 Nf6 4. c4 a6 5. cxd5 cxd5 6. Nc3 Bg4 7. Qb3 Ra7 8. Ne5
Bf5 9. Bd2 e6 10. Rc1 Bd6 11. Qa4+ Ke7 12. Nb5 Ra8 13. Nxd6 Qxd6 14. Bb4 1-0

[Event "Alberta op"]
[Site "Edmonton CAN"]
[Date "2003.10.13"]
[Round "6"]
[White "Culjaga, Nikolai"]
[Black "Huber, Greg"]
[Result "0-1"]
[WhiteElo "1861"]
[BlackElo "2279"]
[PlyCount "68"]
[EventDate "2003.10.11"]
[EventType "swiss"]
[EventRounds "6"]
[EventCountry "CAN"]

1. e4 c5 2. Nf3 d6 3. d4 cxd4 4. Nxd4 Nf6 5. Nc3 a6 6. Bc4 e6 7. O-O Nc6 8. Bb3
Be7 9. f3 O-O 10. Be3 Qc7 11. a3 Na5 12. Rc1 b5 13. Qe2 Rb8 14. Qf2 Bd7 15.
Rfd1 Rfc8 16. Na2 Nc4 17. Bxc4 bxc4 18. b3 e5 19. Ne2 cxb3 20. cxb3 Qa5 21.
Rxc8+ Rxc8 22. a4 Rb8 23. Bd2 Qc5 24. Qxc5 dxc5 25. Bg5 Be6 26. Bxf6 gxf6 27.
Nac1 c4 28. bxc4 Bc5+ 29. Kh1 Bxc4 30. Nc3 Rb2 31. Nd5 Kg7 32. h3 Rb1 33. Nc3
Ra1 34. g4 Ba3 0-1

[Event "Alberta op"]
[Site "Edmonton CAN"]
[Date "2003.10.13"]
[Round "6"]
[White "Fokkema, Jerred"]
[Black "Smith, Kevin"]
[Result "0-1"]
[WhiteElo "1320"]
[BlackElo "1639"]
[PlyCount "52"]
[EventDate "2003.10.11"]
[EventType "swiss"]
[EventRounds "6"]
[EventCountry "CAN"]

1. e4 c5 2. Nf3 d6 3. d4 cxd4 4. Nxd4 Nf6 5. Nc3 a6 6. Be3 e6 7. Be2 Be7 8. O-O
O-O 9. Bd3 Nbd7 10. Nf3 b5 11. h3 Bb7 12. a3 Rc8 13. Nd2 Nc5 14. Bxc5 dxc5 15.
Be2 c4 16. f3 Bd6 17. f4 Bc5+ 18. Kh1 Be3 19. Nf3 Nxe4 20. Qxd8 Rfxd8 21. Nxe4
Bxe4 22. Ne1 Rd2 23. Bd1 Rcd8 24. Nf3 Bxf3 25. Bxf3 R8d6 26. Be4 R2d4 0-1

[Event "Alberta op"]
[Site "Edmonton CAN"]
[Date "2003.10.13"]
[Round "6"]
[White "Hughey, Micah"]
[Black "Milne, Arthur"]
[Result "1-0"]
[WhiteElo "2094"]
[BlackElo "1818"]
[PlyCount "47"]
[EventDate "2003.10.11"]
[EventType "swiss"]
[EventRounds "6"]
[EventCountry "CAN"]

1. Nf3 d6 2. e4 Bg4 3. d4 Nf6 4. h3 Bxf3 5. Qxf3 c6 6. a4 e6 7. Nc3 Be7 8. Be3
d5 9. Bd3 a5 10. e5 Nfd7 11. Qg3 Bf8 12. Ne2 Na6 13. c3 Qb6 14. O-O O-O-O 15.
Rfb1 c5 16. dxc5 Qc7 17. b4 Nxe5 18. Bf4 f6 19. Nd4 g5 20. Bxe5 Qxe5 21. Qxe5
fxe5 22. Nxe6 Rd7 23. c6 Rf7 24. cxb7+ 1-0

[Event "Alberta op"]
[Site "Edmonton CAN"]
[Date "2003.10.13"]
[Round "6"]
[White "Nguyen, Kim"]
[Black "Tomaras, Pavlos"]
[Result "1-0"]
[WhiteElo "1984"]
[BlackElo "1847"]
[PlyCount "101"]
[EventDate "2003.10.11"]
[EventType "swiss"]
[EventRounds "6"]
[EventCountry "CAN"]

1. e4 e5 2. Nf3 f5 3. d4 d6 4. exf5 e4 5. Ng5 Bxf5 6. c4 Nf6 7. Qb3 b6 8. Bd2
Be7 9. Nc3 h6 10. Nh3 O-O 11. Nf4 Nc6 12. Nce2 Kh7 13. O-O-O Ng4 14. Be1 Bg5
15. h3 Bxf4+ 16. Nxf4 Nf6 17. g3 g5 18. Nd5 Nxd5 19. cxd5 Ne7 20. Bd2 Bg6 21.
Be3 Bf7 22. Bc4 a6 23. Qc2 Bg6 24. g4 b5 25. Bb3 Rc8 26. Kb1 Rf3 27. Qd2 Bf7
28. h4 gxh4 29. Rxh4 Ng6 30. Rxh6+ Kg7 31. Rdh1 Bg8 32. Qc1 Qf8 33. Rh7+ Bxh7
34. Bh6+ Kg8 35. Bxf8 Rcxf8 36. Qxc7 R3f7 37. Qxd6 Rxf2 38. Qd7 Nh4 39. Rxh4
R8f7 40. Qd8+ Kg7 41. Qg5+ Kf8 42. Qd8+ Kg7 43. Rxh7+ Kxh7 44. Qh4+ Kg7 45.
Qg5+ Kf8 46. Qh6+ Ke8 47. Qe6+ Kf8 48. Qxe4 Re7 49. Qh1 Kg7 50. d6 Ree2 51. d7
1-0

[Event "Alberta op"]
[Site "Edmonton CAN"]
[Date "2003.10.13"]
[Round "6"]
[White "Pivovarov, Juraj"]
[Black "Tot, Nandor"]
[Result "1/2-1/2"]
[WhiteElo "1769"]
[BlackElo "1950"]
[PlyCount "83"]
[EventDate "2003.10.11"]
[EventType "swiss"]
[EventRounds "6"]
[EventCountry "CAN"]

1. c4 Nf6 2. g3 e6 3. Bg2 d5 4. Nf3 Be7 5. O-O O-O 6. d4 c6 7. b3 Nbd7 8. Nbd2
b6 9. Bb2 Bb7 10. Rc1 Rc8 11. e3 c5 12. Ne5 Nxe5 13. dxe5 Nd7 14. f4 Nb8 15.
Rc2 Qc7 16. cxd5 Bxd5 17. Bxd5 exd5 18. f5 Bg5 19. Qf3 Nc6 20. h4 Bd8 21. Qxd5
Nb4 22. Qe4 Nxc2 23. Qxc2 f6 24. Qc4+ Kh8 25. Nf3 fxe5 26. Bxe5 Qf7 27. Qg4 Bf6
28. Ng5 Qe7 29. Bxf6 Qxe3+ 30. Kh2 gxf6 31. Nxh7 Rg8 32. Ng5 fxg5 33. Qh5+ Kg7
34. f6+ Kf8 35. Qh6+ Kf7 36. Qh5+ Kf8 37. Qh6+ Kf7 38. Qh7+ Kf8 39. f7 Qe2+ 40.
Kg1 Qe3+ 41. Kg2 Qe2+ 42. Rf2 1/2-1/2

[Event "Alberta op"]
[Site "Edmonton CAN"]
[Date "2003.10.13"]
[Round "6"]
[White "Ristovic, Nenad"]
[Black "Reeve, Jeff"]
[Result "1/2-1/2"]
[WhiteElo "2328"]
[BlackElo "2386"]
[PlyCount "46"]
[EventDate "2003.10.11"]
[EventType "swiss"]
[EventRounds "6"]
[EventCountry "CAN"]

1. d4 Nf6 2. c4 g6 3. Nc3 Bg7 4. g3 O-O 5. Bg2 d6 6. Nf3 Nbd7 7. O-O e5 8. h3
a6 9. e4 exd4 10. Nxd4 Rb8 11. f4 Re8 12. Re1 Nc5 13. Kh2 Ne6 14. Nb3 Nd7 15.
Be3 b6 16. Bf2 Bb7 17. Qc2 Ndc5 18. Rad1 Qc8 19. Nc1 Nd7 20. b4 Bf8 21. Nb3 c6
22. Qd3 Rd8 23. Rc1 Qc7 1/2-1/2

[Event "Alberta-ch"]
[Site "Calgary CAN"]
[Date "2003.04.17"]
[Round "1"]
[White "Boehmer, Kris"]
[Black "Huber, Greg"]
[Result "1/2-1/2"]
[WhiteElo "2020"]
[BlackElo "2295"]
[PlyCount "44"]
[EventDate "2003.04.17"]
[EventType "tourn"]
[EventRounds "7"]
[EventCountry "CAN"]

1. c4 e6 2. Nc3 d5 3. cxd5 exd5 4. d4 Nf6 5. Bg5 Be7 6. e3 c6 7. Bd3 O-O 8. Qc2
Nbd7 9. Nge2 Re8 10. O-O h6 11. Bh4 Ne4 12. Bxe7 Qxe7 13. Rfe1 Ndf6 14. f3 Nxc3
15. Nxc3 Be6 16. Qf2 Rad8 17. Kh1 c5 18. dxc5 Qxc5 19. Nb5 Bf5 20. Rac1 Qb6 21.
Bxf5 Qxb5 22. Bc2 d4 1/2-1/2

[Event "Alberta-ch"]
[Site "Calgary CAN"]
[Date "2003.04.17"]
[Round "1"]
[White "Gardner, Robert"]
[Black "Yearwood, Roy"]
[Result "1/2-1/2"]
[WhiteElo "2260"]
[BlackElo "2125"]
[PlyCount "20"]
[EventDate "2003.04.17"]
[EventType "tourn"]
[EventRounds "7"]
[EventCountry "CAN"]

1. e4 e6 2. d4 d5 3. e5 c5 4. c3 Nc6 5. Nf3 Bd7 6. Bd3 cxd4 7. cxd4 Qb6 8. Be2
Nh6 9. Nc3 Nf5 10. Na4 Qa5+ 1/2-1/2

[Event "Alberta-ch"]
[Site "Calgary CAN"]
[Date "2003.04.17"]
[Round "1"]
[White "Hughey, Micah"]
[Black "Ristovic, Nenad"]
[Result "0-1"]
[WhiteElo "2106"]
[BlackElo "2329"]
[PlyCount "64"]
[EventDate "2003.04.17"]
[EventType "tourn"]
[EventRounds "7"]
[EventCountry "CAN"]

1. d4 d5 2. c4 e6 3. Nc3 c6 4. Nf3 Nf6 5. e3 Nbd7 6. Bd3 dxc4 7. Bxc4 b5 8. Bd3
Bb7 9. O-O a6 10. e4 c5 11. d5 c4 12. Bc2 Qc7 13. dxe6 fxe6 14. e5 Nxe5 15.
Nxe5 Qxe5 16. Re1 Qd6 17. Qxd6 Bxd6 18. Rxe6+ Kd7 19. Bf5 Kc7 20. Bh6 Rhg8 21.
Rd1 Rad8 22. Rdxd6 Rxd6 23. Bf4 Rgd8 24. Re7+ Kb6 25. Bxd6 Rxd6 26. Rxg7 b4 27.
Na4+ Ka5 28. Kf1 Bc6 29. b3 c3 30. Re7 Rd5 31. Bc2 Rd2 32. Re5+ Bb5+ 0-1

[Event "Alberta-ch"]
[Site "Calgary CAN"]
[Date "2003.04.17"]
[Round "1"]
[White "Nguyen, Kim"]
[Black "Haessel, Dale"]
[Result "0-1"]
[WhiteElo "1961"]
[BlackElo "2224"]
[PlyCount "70"]
[EventDate "2003.04.17"]
[EventType "tourn"]
[EventRounds "7"]
[EventCountry "CAN"]

1. e4 c5 2. Nf3 d6 3. Bc4 Nf6 4. d3 g6 5. h3 Bg7 6. O-O O-O 7. Re1 Nc6 8. c3 d5
9. exd5 Nxd5 10. Bg5 h6 11. Bh4 Re8 12. Qd2 a6 13. a4 Bf5 14. Bg3 g5 15. Bb3 e5
16. Na3 Nf4 17. Bxf4 exf4 18. Rxe8+ Qxe8 19. d4 cxd4 20. cxd4 Rd8 21. d5 Ne5
22. Nxe5 Qxe5 23. Re1 Qxb2 24. Qxb2 Bxb2 25. Nc4 Bf6 26. Rd1 Kf8 27. f3 b5 28.
Na5 Bd7 29. Nb7 Rc8 30. axb5 axb5 31. d6 Rc3 32. Bd5 b4 33. Rb1 Bd4+ 34. Kh1
Bf2 35. Na5 Rd3 0-1

[Event "Alberta-ch"]
[Site "Calgary CAN"]
[Date "2003.04.18"]
[Round "2"]
[White "Gardner, Robert"]
[Black "Hughey, Micah"]
[Result "0-1"]
[WhiteElo "2260"]
[BlackElo "2106"]
[PlyCount "64"]
[EventDate "2003.04.17"]
[EventType "tourn"]
[EventRounds "7"]
[EventCountry "CAN"]

1. f4 Nf6 2. Nf3 g6 3. d4 d5 4. e3 Bg7 5. Bd3 Bf5 6. Bxf5 gxf5 7. Qd3 Qc8 8. c4
c6 9. Nc3 e6 10. b3 O-O 11. Ba3 Rd8 12. Rc1 Qd7 13. Ne5 Qe8 14. O-O Nbd7 15.
cxd5 Nxd5 16. Nc4 N7b6 17. Bc5 Nxc4 18. bxc4 Nxe3 19. Qxe3 b6 20. d5 bxc5 21.
Qxc5 cxd5 22. cxd5 Rac8 23. Qe3 Rc4 24. Qd3 Rdc8 25. Ne2 exd5 26. Rxc4 dxc4 27.
Qxf5 Qe3+ 28. Rf2 Rd8 29. Qb1 Rd2 30. Kf1 c3 31. Qb8+ Bf8 32. g3 c2 0-1

[Event "Alberta-ch"]
[Site "Calgary CAN"]
[Date "2003.04.18"]
[Round "2"]
[White "Haessel, Dale"]
[Black "Boehmer, Kris"]
[Result "1-0"]
[WhiteElo "2224"]
[BlackElo "2020"]
[PlyCount "61"]
[EventDate "2003.04.17"]
[EventType "tourn"]
[EventRounds "7"]
[EventCountry "CAN"]

1. c4 c5 2. Nc3 Nf6 3. Nf3 Nc6 4. g3 g6 5. Bg2 Bg7 6. d4 cxd4 7. Nxd4 O-O 8.
O-O Nxd4 9. Qxd4 d6 10. Qd3 Qa5 11. Nb5 Nd7 12. Qc2 a6 13. Bd2 Qd8 14. Nc3 Rb8
15. Rac1 b6 16. Nd5 Bb7 17. Bg5 Re8 18. Rfd1 h6 19. Be3 Kh7 20. h4 e6 21. Nf4
Bxg2 22. Kxg2 Ne5 23. h5 Qc7 24. Bd4 Qc6+ 25. f3 Ng4 26. hxg6+ Kh8 27. gxf7
Bxd4 28. fxe8=Q+ Rxe8 29. Qg6 Rg8 30. Qxe6 Be5 31. Ng6+ 1-0

[Event "Alberta-ch"]
[Site "Calgary CAN"]
[Date "2003.04.18"]
[Round "2"]
[White "Ristovic, Nenad"]
[Black "Nguyen, Kim"]
[Result "1-0"]
[WhiteElo "2329"]
[BlackElo "1961"]
[PlyCount "33"]
[EventDate "2003.04.17"]
[EventType "tourn"]
[EventRounds "7"]
[EventCountry "CAN"]

1. d4 d5 2. c4 c6 3. cxd5 cxd5 4. Nc3 Nf6 5. Bf4 Bg4 6. Nf3 e6 7. Bxb8 Bxf3 8.
Bg3 Bh5 9. Qb3 Be7 10. Qxb7 O-O 11. f3 Bd6 12. Qa6 Bb4 13. e3 Bxc3+ 14. bxc3
Qb6 15. Qxb6 axb6 16. a4 Rfc8 17. Kd2 1-0

[Event "Alberta-ch"]
[Site "Calgary CAN"]
[Date "2003.04.18"]
[Round "2"]
[White "Yearwood, Roy"]
[Black "Huber, Greg"]
[Result "1-0"]
[WhiteElo "2125"]
[BlackElo "2295"]
[PlyCount "59"]
[EventDate "2003.04.17"]
[EventType "tourn"]
[EventRounds "7"]
[EventCountry "CAN"]

1. d4 Nf6 2. c4 c5 3. d5 e6 4. Nc3 exd5 5. cxd5 d6 6. e4 g6 7. f4 Bg7 8. Bb5+
Nfd7 9. Nf3 a6 10. Bd3 b5 11. e5 dxe5 12. O-O O-O 13. f5 c4 14. Bc2 b4 15. fxg6
hxg6 16. Ne4 Nb6 17. Bg5 Qxd5 18. Qe1 f5 19. Rd1 Qb7 20. Nd6 Qa7 21. Kh1 N8d7
22. Qxb4 Rb8 23. Nxc4 Nd5 24. Qd6 N5f6 25. Qe6+ Kh7 26. Be3 Qc7 27. Ng5+ Kh8
28. Nf7+ Kh7 29. Rxf5 Nc5 30. Rh5+ 1-0

[Event "Alberta-ch"]
[Site "Calgary CAN"]
[Date "2003.04.18"]
[Round "3"]
[White "Boehmer, Kris"]
[Black "Ristovic, Nenad"]
[Result "0-1"]
[WhiteElo "2020"]
[BlackElo "2329"]
[PlyCount "66"]
[EventDate "2003.04.17"]
[EventType "tourn"]
[EventRounds "7"]
[EventCountry "CAN"]

1. c4 e6 2. Nc3 d5 3. cxd5 exd5 4. d4 c6 5. Bf4 Bd6 6. Bxd6 Qxd6 7. e3 Ne7 8.
Nge2 O-O 9. Nf4 Ng6 10. g3 Nxf4 11. gxf4 Re8 12. Bd3 Qxf4 13. Qe2 Qg4 14. O-O-O
Qxe2 15. Nxe2 Bg4 16. Rhg1 Bxe2 17. Bxe2 Nd7 18. Rg2 Re7 19. Rdg1 f5 20. Bd3
Rf8 21. f4 g6 22. Kd2 Kf7 23. h4 Nf6 24. Be2 Rfe8 25. h5 Rxe3 26. hxg6+ hxg6
27. Bd3 Nh5 28. Rf2 Rg3 29. Rh1 Rg4 30. Bxf5 Rxf4 31. Rxf4 Nxf4 32. Bg4 Kg7 33.
b4 Re4 0-1

[Event "Alberta-ch"]
[Site "Calgary CAN"]
[Date "2003.04.18"]
[Round "3"]
[White "Huber, Greg"]
[Black "Haessel, Dale"]
[Result "1-0"]
[WhiteElo "2295"]
[BlackElo "2224"]
[PlyCount "69"]
[EventDate "2003.04.17"]
[EventType "tourn"]
[EventRounds "7"]
[EventCountry "CAN"]

1. e4 c5 2. Nf3 d6 3. d4 cxd4 4. Nxd4 Nf6 5. Nc3 a6 6. Be2 e5 7. Nb3 Be7 8. O-O
O-O 9. Kh1 Bd7 10. f3 Bc6 11. Be3 a5 12. a4 Na6 13. Bc4 Nb4 14. Qe2 Qc7 15.
Rfd1 Rfc8 16. Rd2 Bd7 17. Bd5 Nfxd5 18. exd5 f5 19. Nb5 Qd8 20. c3 Na6 21. Qf2
Qe8 22. Qe2 Qd8 23. Qf2 Qe8 24. Qf1 Qd8 25. f4 b6 26. Rdd1 g6 27. fxe5 dxe5 28.
d6 Bf8 29. Qd3 Be6 30. Nd2 Rc6 31. Qe2 Qd7 32. Nf3 Bg7 33. Bf2 Bc4 34. Nxe5 Qe6
35. Qf3 1-0

[Event "Alberta-ch"]
[Site "Calgary CAN"]
[Date "2003.04.18"]
[Round "3"]
[White "Hughey, Micah"]
[Black "Yearwood, Roy"]
[Result "0-1"]
[WhiteElo "2106"]
[BlackElo "2125"]
[PlyCount "36"]
[EventDate "2003.04.17"]
[EventType "tourn"]
[EventRounds "7"]
[EventCountry "CAN"]

1. e4 e6 2. Qe2 e5 3. Nf3 Nc6 4. g3 Bc5 5. Bg2 d6 6. O-O h5 7. c3 h4 8. Nxh4
Rxh4 9. gxh4 Qxh4 10. d3 Bg4 11. Bf3 Nf6 12. Nd2 O-O-O 13. Rd1 Qh5 14. b4 Bxb4
15. Bxg4+ Nxg4 16. f3 Bc5+ 17. Kh1 Nf2+ 18. Kg1 Nxd1+ 0-1

[Event "Alberta-ch"]
[Site "Calgary CAN"]
[Date "2003.04.18"]
[Round "3"]
[White "Nguyen, Kim"]
[Black "Gardner, Robert"]
[Result "1-0"]
[WhiteElo "1961"]
[BlackElo "2260"]
[PlyCount "105"]
[EventDate "2003.04.17"]
[EventType "tourn"]
[EventRounds "7"]
[EventCountry "CAN"]

1. e4 c5 2. Nf3 d6 3. d4 cxd4 4. Nxd4 Nf6 5. Nc3 Nc6 6. Bc4 Qb6 7. Nde2 Ne5 8.
Bb3 a6 9. O-O e6 10. Bg5 Be7 11. Ng3 h6 12. Be3 Qc7 13. a4 Nc4 14. Bxc4 Qxc4
15. f4 h5 16. Qd4 Qc6 17. h3 h4 18. Nge2 Bd7 19. a5 Rh5 20. Ra4 Rc8 21. b3 Rc5
22. e5 Nd5 23. Nxd5 Rxd5 24. Rc4 Rxd4 25. Rxc6 Re4 26. Rxc8+ Bxc8 27. Kf2 dxe5
28. Nc3 Rb4 29. fxe5 f6 30. Rd1 fxe5 31. Ra1 Bd7 32. Na2 Rb5 33. Nc3 Rc5 34.
Bxc5 Bxc5+ 35. Ke2 Bd4 36. Kd2 Bc6 37. Re1 Bxg2 38. Ne4 Kf7 39. c3 Ba7 40. b4
Kg6 41. Nd6 Bxh3 42. Rh1 Bg2 43. Rxh4 Kg5 44. Rh7 Kg6 45. Rh8 e4 46. Nc4 Bg1
47. Ne3 Bf3 48. Rb8 Kf6 49. Rxb7 g5 50. b5 g4 51. bxa6 g3 52. Rb1 Bf2 53. a7
1-0

[Event "Alberta-ch"]
[Site "Calgary CAN"]
[Date "2003.04.19"]
[Round "4"]
[White "Ristovic, Nenad"]
[Black "Huber, Greg"]
[Result "0-1"]
[WhiteElo "2329"]
[BlackElo "2295"]
[PlyCount "82"]
[EventDate "2003.04.17"]
[EventType "tourn"]
[EventRounds "7"]
[EventCountry "CAN"]

1. d4 Nf6 2. c4 c5 3. d5 e6 4. Nc3 exd5 5. cxd5 d6 6. g3 g6 7. Bg2 Bg7 8. Nf3
a6 9. a4 Nbd7 10. O-O O-O 11. Bf4 Qc7 12. h3 Rb8 13. e4 Nh5 14. Be3 b5 15. axb5
axb5 16. Qc2 Re8 17. Ne2 Nb6 18. Nd2 b4 19. Rfc1 Qe7 20. g4 Nf6 21. Ng3 Ra8 22.
Rxa8 Nxa8 23. Nc4 Ba6 24. e5 dxe5 25. d6 Qe6 26. b3 Nd7 27. Ne4 Rc8 28. Ng5 Qf6
29. Bd5 Bxc4 30. Qxc4 Rf8 31. Nxf7 Rxf7 32. Bxa8 Nb6 33. Qa6 Nxa8 34. Qxa8+ Bf8
35. Bxc5 Kg7 36. Qd5 h5 37. d7 Bxc5 38. d8=Q Qxf2+ 39. Kh1 Qf4 40. Re1 hxg4 41.
hxg4 Qh6+ 0-1

[Event "Alberta-ch"]
[Site "Calgary CAN"]
[Date "2003.04.19"]
[Round "5"]
[White "Boehmer, Kris"]
[Black "Hughey, Micah"]
[Result "1-0"]
[WhiteElo "2020"]
[BlackElo "2106"]
[PlyCount "59"]
[EventDate "2003.04.17"]
[EventType "tourn"]
[EventRounds "7"]
[EventCountry "CAN"]

1. c4 Nf6 2. Nc3 c6 3. d4 d5 4. cxd5 cxd5 5. Bf4 Nc6 6. e3 e6 7. Nf3 Be7 8. Bd3
Nh5 9. Be5 f6 10. Bg3 Nxg3 11. hxg3 Kf7 12. Rxh7 Rxh7 13. Bxh7 Qh8 14. Bd3 Qh1+
15. Ke2 Qxg2 16. Nh4 Qh3 17. Bg6+ Kg8 18. Kd2 f5 19. Qh5 Bxh4 20. Qh7+ Kf8 21.
Qh8+ Ke7 22. Qxg7+ Kd8 23. Qf8+ Kd7 24. Be8+ Kd8 25. Bxc6+ Kc7 26. Nb5+ Kxc6
27. Qc5+ Kd7 28. Qc7+ Ke8 29. Nd6+ Kf8 30. Qf7# 1-0